00558nam a22001577a 450000500170000001000150001702000300003203500140006203700130007608200110008910000190010024500730011926000610019227000770025330000700033020210225143510.0 aENG-129063 c699.00a978-1-4722-6649-1 aEN-112595 bDBAD/PUB a909.83 aMckibben, Bill aFalter: has the human game begun to play itself out?/bBill Mckibben aGurugrambHachette Book Publishing India Pvt. Ltd.c2019 bGurugrama4th/5th Floors, Corporate Centre, Plot No- 94, Sec- 44e122003 a291p.c23cm(pbk)bIncluding bibliographical references and index.